000 00515nam a2200169Ia 4500
008 110201s9999 xx 000 0 und d
082 _bB7124
_aBAL 1896
100 _aMazmudar M.A.
245 _aEssays Wotj [ractocal english grammer and composition
260 _bNavneet Prakashan
365 _b8
600 _aMazmudar M.A.
630 _aEssays Wotj [ractocal english grammer and composition
700 _aMazmudar M.A.
730 _aEssays Wotj [ractocal english grammer and composition
942 _cBOOK
999 _c832681
_d832678